Caught reading : Teacher's manual

Caught Reading is a comprehensive developmental reading program that helps students who are reading at levels from preliteracy through fourth grade. It is designed to be used with older students - those who have left elementary school without attaining the foundational skills of reading.

Sparad:
Bibliografiska uppgifter
Materialtyp: Bok
Språk:Undetermined
Publicerad: San Diego, CA Pearson Education 2009
Ämnen:
Taggar: Lägg till en tagg
Inga taggar, Lägg till första taggen!
Thư viện lưu trữ: Trung tâm Học liệu Trường Đại học Cần Thơ
LEADER 00839nam a2200193Ia 4500
001 CTU_187152
008 210402s9999 xx 000 0 und d
082 |a 428.4 
082 |b C371 
245 0 |a Caught reading : 
245 0 |b Teacher's manual 
245 0 |c Program consultant, Teri Swanson 
260 |a San Diego, CA 
260 |b Pearson Education 
260 |c 2009 
520 |a Caught Reading is a comprehensive developmental reading program that helps students who are reading at levels from preliteracy through fourth grade. It is designed to be used with older students - those who have left elementary school without attaining the foundational skills of reading. 
650 |a Reading (Adult education),Đọc (Giáo dục người lớn) 
910 |a Hải 
980 |a Trung tâm Học liệu Trường Đại học Cần Thơ